Trenerzy Finalistów Ligi Mistrzów w XXI wieku - Statystyki

Ogólne statystyki
  • Ten quiz został rozwiązany 168 razy
    73 od ostatniego zresetowania
  • Średni wynik to 21 z 33
Statystyki odpowiedzi
Sezon Klub Trener % Poprawnych
2020/21 Manchester City Pep Guardiola
98%
2021/22 Liverpool Jurgen Klopp
95%
2017/18 Liverpool Jurgen Klopp
95%
2012/13 Borussia Dortmund Jurgen Klopp
95%
2015/16 Atletico Madryt Diego Simeone
94%
2013/14 Atletico Madryt Diego Simeone
94%
2010/11 Manchester United Alex Ferguson
92%
2008/09 Manchester United Alex Ferguson
92%
2024/25 Inter Mediolan Simone Inzaghi
89%
2022/23 Inter Mediolan Simone Inzaghi
89%
2004/05 Milan Carlo Ancelotti
83%
2005/06 Arsenal Arsene Wenger
81%
2018/19 Tottenham Mauricio Pochettino
81%
2016/17 Juventus Massimiliano Allegri
79%
2014/15 Juventus Massimiliano Allegri
79%
2011/12 Bayern Monachium Jupp Heynckes
71%
2006/07 Liverpool Rafa Benitez
70%
2019/20 Paris SG Thomas Tuchel
70%
2009/10 Bayern Monachium Louis Van Gaal
46%
1995/96 Ajax Louis Van Gaal
46%
2002/03 Juventus Marcello Lippi
44%
1997/98 Juventus Marcello Lippi
44%
1996/97 Juventus Marcello Lippi
44%
2023/24 Borussia Dortmund Edin Terzic
43%
1993/94 Barcelona Johan Cruyff
43%
1994/95 Milan Fabio Capello
35%
1992/93 Milan Fabio Capello
35%
2003/04 Monaco Didier Deschamps
33%
2007/08 Chelsea Avram Grant
30%
1998/99 Bayern Monachium Ottmar Hitzfeld
30%
2000/01 Valencia Hector Cuper
13%
1999/00 Valencia Hector Cuper
13%
2001/02 Bayer Leverkusen Klaus Toppmoller
10%
Nie znaleziono quizów pasujących do podanych kryteriów
Rozkład punktacji
Procent ludzi z każdym wynikiem
Percentyl według liczby udzielonych odpowiedzi
Twoja historia wyników
Nie rozwiązałeś tego quizu od ostatniego zresetowania